عرض عادي
عرض مارك
- Wilcox, C. Mel.
مدخل إسم شخص
001 - رقم الضبط
- حقل الضبط: 36075
003 - معرف رقم الضبط
- حقل الضبط: OSt
005 - تاريخ ووقت أخر عملية
- حقل الضبط: 20130620115041.0
008 - عناصر بيانات ثابتة الطول
- حقل تحكم ثابت الطول: 130620|||a|||||| | ||| d
040 ## - مصدر الفهرسة
- هيئة الفهرسة الأصلية: OSt
- وكالة الكتابة: OSt
100 ## - مدخل -- أسم شخص
- إسم شخص: Wilcox, C. Mel.
670 ## - بيانات المصدر موجوده
- الاستشهاد بالمصدر: Work cat.: (OSt)0: Wilcox, C. Mel., Atlas of clinical gastrointestinal endoscopy /, c2012.
